00506nam a2200193Ia 4500003000400000005001700004008004100021020001500062040001800077041000800095082002100103100002100124245004200145250001200187260005200199300002400251650001800275650001900293OSt20250201115103.0210716s1979 xx 000 0 und d a0385115350 cAIMIT LIBRARY aeng a813.54 21bMORS aMorris, Suzanne. aKeeping secrets /cBy Suzanne Morris. a1st ed. aNew York :bDoubleday and Company, Inc ;c1979. a443p. ;bPBc21 cm. aElectra cabot aCamille devera